Ciudades de Asia Central sin Vocales - Estadísticas

Estadísticas generales
  • Esta prueba ha sido intentada 26 veces
  • La puntuación promedio es 10 de 15
Estadísticas de respuestas
Pista Ciudad % Correcto
_SJ_B_D Asjabad
96%
B_SK_K Biskek
91%
M_RY Mary
91%
_SH Osh
91%
_ST_N_ Astaná
87%
D_S_MB_ Dusambé
87%
SHYMK_NT Shymkent
87%
T_SK_NT Taskent
83%
_LM_TY Almaty
65%
S_M_RC_ND_ Samarcanda
57%
T_RKM_N_B_T Türkmenabat
35%
J_Y_ND Juyand
30%
K_R_K_L Karakol
26%
B_JT_R Bojtar
22%
N_M_NG_N Namangán
22%
No se encontraron pruebas coincidentes
Distribución de puntuación
Porcentaje de gente con cada puntuación
Porcentaje por número respondido
Historial de tus puntuaciones
No has intentado esta prueba.